00511cam a22001817 4500001001300000003000400013005001700017008004100034010001700075040001800092050001600110051003200126100005700158245005600215260003400271300000700305999001700312ltf91064776 DLC20260227111554.0910613q19001948gw 000 0 ger  altf91064776  aDLCcDLCdDLC00a4PT Ger 649 a4PT Ger 649 Copy 2cCopy 2.1 aMünchhausen, Börries,cFreiherr von,d1874-1945.10aJuda,bGesänge.cMit Buchschmuck von E.M. Lilien. aBerlin,bE. Fleischelc[19 ] ap. c37653d37653